| Tag |
First Indicator |
Second Indicator |
Subfields |
| LEADER |
00000cam a2200000Ia 4500 |
| 001 |
in00001697635 |
| 005 |
20151024171358.0 |
| 008 |
021111s1957 ru a b 000 0 rusod |
| 035 |
|
|
|a (OCoLC)ocm50984955
|
| 040 |
|
|
|a TXA
|c TXA
|d UtOrBLW
|
| 049 |
|
|
|a TXAM
|
| 090 |
|
|
|a TK4601
|b .G65 1957
|
| 100 |
1 |
|
|a Golovin, G. F.
|q (Georgiĭ Fedorovich)
|
| 245 |
1 |
0 |
|a Struktura i svoĭstva izdeliĭ, zakalennykh pri vysokochastotnom nagreve /
|c G.F. Golovin ; pod red. A.A. Fogelʹa.
|
| 250 |
|
|
|a Izd. 2., isprav. i dop.
|
| 264 |
|
1 |
|a Leningrad :
|b Mashgiz [Leningr. otd-nie],
|c 1957.
|
| 300 |
|
|
|a 46 pages :
|b illustrations ;
|c 22 cm.
|
| 336 |
|
|
|a text
|b txt
|2 rdacontent
|
| 337 |
|
|
|a unmediated
|b n
|2 rdamedia
|
| 338 |
|
|
|a volume
|b nc
|2 rdacarrier
|
| 490 |
1 |
|
|a Bibliotechka vysokochastotnika-termista ;
|v vyp. 4
|
| 504 |
|
|
|a Includes bibliographical references.
|
| 650 |
|
0 |
|a Induction heating.
|
| 700 |
1 |
|
|a Fogelʹ, A. A.
|
| 830 |
|
0 |
|a Bibliotechka vysokochastotnika-termista ;
|v vyp. 4.
|
| 948 |
|
|
|a cataloged
|b h
|c 2002/11/11
|d c
|e tchubaryan
|f 12:55:35 pm
|
| 949 |
|
|
|a updated
|b h
|c 2002/11/11
|e tchubaryan
|f 12:55:39 pm
|
| 994 |
|
|
|a E0
|b TXA
|
| 999 |
|
|
|a MARS
|
| 999 |
f |
f |
|s 5b128a56-8bf5-3e0f-85c6-d61321f36296
|i 3682feaf-1f1c-3780-b6b6-9dc9f0864484
|t 0
|
| 952 |
f |
f |
|p ric
|a Texas A&M University
|b Rellis Campus
|c Joint Library Facility
|d Remote Storage
|t 0
|e TK4601 .G65 1957
|h Library of Congress classification
|i unmediated -- volume
|m A14829228088
|
| 998 |
f |
f |
|a TK4601 .G65 1957
|t 0
|l Remote Storage
|